Sustainable development and environmental protetion / (Record no. 150844)

MARC details
000 -LEADER
fixed length control field 00591nam a22001817a 4500
005 - DATE AND TIME OF LATEST TRANSACTION
control field 20180507154317.0
010 ## - LCCN (DPL NO)
LC control number ENG-122506
020 ## - INTERNATIONAL STANDARD BOOK NUMBER
International Standard Book Number 9789380574929
Terms of availability 995.00
035 ## - SYSTEM CONTROL NUMBER
System control number EN-106038
037 ## - SOURCE OF ACQUISITION
Source of stock number/acquisition DBAD/PUB
082 ## - DEWEY DECIMAL CLASSIFICATION NUMBER
Classification number 338.9270954
245 ## - TITLE STATEMENT
Title Sustainable development and environmental protetion /
Statement of responsibility, etc ed. by C M Lakshmana
260 ## - PUBLICATION, DISTRIBUTION, ETC. (IMPRINT)
Place of publication, distribution, etc Delhi
Name of publisher, distributor, etc Bookwell
Date of publication, distribution, etc 2016
270 ## - ADDRESS
Address 3/79, Nirankari Colony,
City Delhi
Postal code 110009
Telephone number 91-11-27601283
Electronic mail address bkwell@nde.vsnl.net.in,
300 ## - PHYSICAL DESCRIPTION
Extent 296p.
Other physical details ill.
Dimensions 24cm(Hb)
700 ## - ADDED ENTRY--PERSONAL NAME
Dates associated with a name Lakshmana C M
942 ## - ADDED ENTRY ELEMENTS (KOHA)
Source of classification or shelving scheme Dewey Decimal Classification
Item type English Books
Call number suffix SUS
Classification part 338.92709545
Holdings
Withdrawn status Lost status Not for loan Collection code Home library Current library Date acquired Source of acquisition Cost, normal purchase price Full call number Barcode Copy number Cost, replacement price Koha item type
    Not For Loan Non-fiction D.B.Act.Division Patel Nagar 06/04/2018 DBAD/PUB 995.00 338.9270954 SUS EN-106038 1 995.00 English Books

© Delhi Public Library
Hit Counter
free hit counter